000
00255nam a2200109Ia 4500
008
230907s9999||||xx |||||||||||||| ||und||
082
_a
211.6
_b
SEC
245
0
_a
Secularization /
260
_a
SAGE,
_b
Los Angeles :
_c
2010
300
_a
4 v. :
942
_c
BK
999
_c
599395
_d
599395